Un joueur par équipe de Liga (2023-2024) - Statistiques

Statistiques générales
  • Ce quiz a été pris 156 fois
  • Le résultat moyen est 9 sur 20
Statistiques - réponses
Hint Réponse % Correct
Milieu de terrain du REAL MADRID Brahim DIAZ
92%
Défenseur de ATLETICO MADRID Mario HERMOSO
81%
Défenseur du FC BARCELONE Pau CUBARSI
78%
Milieu de terrain de VILLAREAL Dani PAREJO
74%
Milieu de terrain de SEVILLE FC SUSO
64%
Gardien de but de MAJORQUE Pedrag RAJKOVIC
55%
Défenseur de la REAL SOCIEDAD Hamari TRAORE
54%
Milieu de terrain de ATHLETIC BILBAO Oihan SANCET
50%
Défenseur de BETIS SEVILLE German PEZZELLA
49%
Attaquant de OSASUNA Ante BUDIMIR
47%
Attaquant de RAYO VALLECANO Isi PALAZON
40%
Attaquant du CELTA VIGO Jorgen STRAND LARSEN
36%
Milieu de terrain de GETAFE Nemanja MAKSIMOVIC
36%
Milieu de terrain de GERONE PORTU
36%
Attaquant de VALENCE Roman YAREMCHUK
32%
Milieu de terrain de ALMERIA Lucas ROBERTONE
29%
Défenseur de LAS PALMAS Mika MARMOL
20%
Attaquant de ALAVES Samu OMORODION
19%
Milieu de terrain de CADIX Darwin MACHIS
18%
Gardien de but de GRENADE Augusto BATALLA
15%
Aucun quiz correspondant
Distribution des résultats
% des personnes avec chaque résultat
Percentile par nombre de réponses
Votre historique - résultats
Vous n’avez pas pris ce quiz